Dictionaire français-allemand

Guardat en:
Dades bibliogràfiques
Autors principals: Pinloche, A (Autor), Jolivet, A (Autor)
Format: Llibre
Idioma:francès
alemany
Publicat: París Larousse 1958
Matèries:
Etiquetes: Afegir etiqueta
Sense etiquetes, Sigues el primer a etiquetar aquest registre!

MARC

LEADER 00000nam a2200000 a 4500
001 UCR7580
003 CL-VaPUC
008 980519e19580000FR |||||||||||||||||fre|d
041 0 7 |a fre  |2 CL-VaPUC 
041 0 7 |a ger  |2 CL-VaPUC 
082 0 4 |a 413.41  |b PIN  |2 21 
100 0 |a Pinloche, A  |e author  |9 408881 
700 0 |a Jolivet, A  |e author  |9 408882 
245 1 0 |a Dictionaire français-allemand 
300 |a 805 p 
942 |c BK 
945 |d 19980519 00:00:00  |a crobeson 
260 |a París  |b Larousse  |c 1958 
650 0 |a Diccionarios  |9 256200 
650 7 |a FRANCES  |2 CL-VaPUC  |9 259059 
650 0 |a Alemán   |9 330722 
583 |a last modification  |c 19980519 00:00:00  |k Rodrigo Vera 
999 |c 269171  |d 269169 
952 |0 0  |1 0  |4 0  |6 413_410000000000000_PIN_1958  |7 0  |8 X  |9 302842  |a BIBEDU  |b BIBEDU  |d 2019-11-20  |i 1995316  |o 413.41 PIN 1958  |p 1995316  |r 2023-01-13  |w 2019-11-20  |y BK_X  |k LIT